| 000 | 00615nam a2200193Ia 4500 | ||
|---|---|---|---|
| 003 | OSt | ||
| 005 | 20260407161116.0 | ||
| 008 | 210210b1983 xxu||||| |||| 00| 0 eng d | ||
| 040 | _cAL | ||
| 041 | _aHindi | ||
| 082 | _aH491.3 SHAS | ||
| 100 |
_aSHARMA (Harivamsh Rai). _d शर्मा (हरिवंश राय) _9260560 |
||
| 245 |
_aSahityik muhavara - lokokti kosh. _bसाहित्यिक मुहावरा - लोकोक्ति कोश |
||
| 260 |
_aDilli. _bRajpal and Sans., _c1983 |
||
| 300 | _a315 | ||
| 690 |
_aHindi Dictionary _9260561 |
||
| 906 | _aSG02920 | ||
| 942 |
_2ddc _cBK |
||
| 999 |
_c113276 _d113276 |
||